| 000 | 00717nam a2200241 a 4500 | ||
|---|---|---|---|
| 001 | 55197 | ||
| 003 | BD-RjUL | ||
| 005 | 20211209080229.0 | ||
| 008 | 161115r19511936enk||||| |||| 00| 0 eng d | ||
| 035 | _a(BD-RjUL)55319 | ||
| 040 |
_aBD-RjUL _beng _cBD-RjUL |
||
| 041 | _aeng | ||
| 082 |
_223 _a822.9 _bSHA 1951 |
||
| 100 | 1 |
_aShaw, Bernard _9164464 |
|
| 245 | 1 | 0 |
_aAndrocles and the lion Overruled Pygmalion / _cBernard Shaw |
| 250 | _aStandard ed. | ||
| 260 |
_aLondon : _bConstable and Company, _c1951 |
||
| 300 |
_aviii, 306 p. ; _c20 cm |
||
| 650 |
_aSpeech and social status _xDrama _9164465 |
||
| 650 |
_a Linguistics teachers _xDrama. _9164466 |
||
| 650 |
_a Linguists _xDrama. _9164467 |
||
| 942 |
_2ddc _cBK |
||
| 999 |
_c55197 _d55197 |
||